METHODOLOGY OF EDUCATIONAL RESEARCH (Record no. 34138)

MARC details
000 -LEADER
fixed length control field 00293nam a22001337a 4500
003 - CONTROL NUMBER IDENTIFIER
control field SGT
020 ## - INTERNATIONAL STANDARD BOOK NUMBER
International Standard Book Number 9789353386368
082 ## - DEWEY DECIMAL CLASSIFICATION NUMBER
Classification number 370.72.KOU
100 ## - MAIN ENTRY--PERSONAL NAME
Personal name KOUL,LOKESH
245 ## - TITLE STATEMENT
Title METHODOLOGY OF EDUCATIONAL RESEARCH
260 ## - PUBLICATION, DISTRIBUTION, ETC. (IMPRINT)
Place of publication, distribution, etc NEW DELHI
Name of publisher, distributor, etc VIKASH
Year of Publication 2025
300 ## - PAGE DESCRIPTION
No. of Pages 529
942 ## - ADDED ENTRY ELEMENTS (KOHA)
Source of classification or shelving scheme Dewey Decimal Classification
Koha item type Books
Holdings
Withdrawn status Lost status Source of classification or shelving scheme Damaged status Not for loan Collection code Home library Current library Shelving location Date acquired Vendor Name Cost, normal purchase price SGTU Bill Number Full call number Accession No. (Barcode) Date last seen Bill Date Koha item type Total Checkouts
    Dewey Decimal Classification   Not For Loan EDUCATION SGT Engineering Library SGT Engineering Library Reference Book 21/02/2026 BRIJWASI BOOK DISTRIBUTORS 550.00 SGTU IN/BW/000384 370.72.KOU ED5605 21/02/2026 20/12/2025 Books  
    Dewey Decimal Classification     EDUCATION SGT Engineering Library SGT Engineering Library Text Book 21/02/2026 BRIJWASI BOOK DISTRIBUTORS 550.00 SGTU IN/BW/000384 370.72.KOU ED5606 21/02/2026 20/12/2025 Books  
    Dewey Decimal Classification     EDUCATION SGT Engineering Library SGT Engineering Library Text Book 21/02/2026 BRIJWASI BOOK DISTRIBUTORS 550.00 SGTU IN/BW/000384 370.72.KOU ED5607 21/02/2026 20/12/2025 Books